000
00318cam a2200133ua 4500
041
_a
eng
_h
082
_a
696.1
_b
TOW/PL
100
_a
Townsend, A L .
245
_a
Plumbing /
_c
A L Townsend.
_h
Textual Documents
260
_a
London :
_b
Hutchinson ,
_c
1962.
300
_a
240 ; .
942
_c
BK
999
_c
9664
_d
9664